Moliere és Bracco a Munkásszínpadon
Elmentve itt :
| Dokumentumtípus: | Cikk |
|---|---|
| Megjelent: |
1929-01-22
|
| Sorozat: | Délmagyarország
5 No. 18 |
| Kulcsszavak: | Bracco Roberto, Moliére, Színházi élet Munkásszínpad Szeged 1929 |
| Online Access: | http://dmarchiv.bibl.u-szeged.hu/46842 |
| LEADER | 00462nab a2200145 i 4500 | ||
|---|---|---|---|
| 001 | delm46842 | ||
| 005 | 20180927131855.0 | ||
| 008 | 180927s1929 hu o 0|| hun d | ||
| 040 | |a SZTE Délmagyarország Archívum |b hun | ||
| 041 | |a hun | ||
| 245 | 0 | 0 | |a Moliere és Bracco a Munkásszínpadon |h [elektronikus dokumentum] |
| 260 | |c 1929-01-22 | ||
| 300 | |a 3 | ||
| 490 | 0 | |a Délmagyarország |v 5 No. 18 | |
| 695 | |a Bracco Roberto, Moliére, Színházi élet Munkásszínpad Szeged 1929 | ||